000 00389nam a2200145Ia 4500
008 231129s2006||||xx |||||||||||||| ||spa||
020 _a958-8277-63-9
040 _bspa
082 _aCD02 AG-05
100 _aMurillo Vargas Nestor Alberto
245 0 _aSonidos de Poder
260 _c2006
264 _aPereira : Editora Nesmur
942 _2ddc
_cBKS
999 _c24827
_d24827